| 000 | 00600nam a22001817a 4500 | ||
|---|---|---|---|
| 005 | 20251108165408.0 | ||
| 008 | 250721s2002 xx 000 0 ara d | ||
| 082 | 1 | 4 | _a574/ماي |
| 100 | 1 | _aماير، إرنست | |
| 245 | 1 | 0 |
_aهذا هو علم البيولوجيا : _bدراسة في ماهية الحياة و الأحياء / |
| 264 | 1 |
_aالكويت : _bعالم المعرفة، _c2002. |
|
| 300 | _a301ص. | ||
| 650 | 1 | 7 | _aعلم الأحياء |
| 650 | 1 | 7 | _aالأنظمة البيولوجية |
| 700 | 1 |
_aعفيفي، محمود _eترجمة |
|
| 942 |
_2ddc _cBK |
||
| 999 |
_c26867 _d26867 |
||